000 00419pam a2200169 a 4500
020 _cP.B.
041 _aeng
082 _a004.68
_bPOW
100 _aTHOMOS POWELL
245 _aTHE COMPLETE REFERENCE HTML
_hTextual Documents
250 _a01-01-2002
260 _bTATA MC GRAW HILL PUB. CO., NEW DELHI
300 _aXXIV/1208
_c23 X 18
500 _a7223
653 _aCOMPUTER NETWORKS (T.E.II)
930 _a6770
999 _c49995
_d49995